• 首页
  • 本馆介绍
  • 公告通知
  • 最新文献
  • 馆藏检索
  • 电子资源
  • 读者导购
  • 参考咨询
  • 我的图书馆
  • 登录
  • 详细信息显示
  • 放入我的书架
  • 预约/预借图书
  • 作者相关作品
  • 分类相关作品
  • 丛书相关作品
  • 出版社相关作品

书目信息

  • 表格格式
  • 工作单格式
  • 卡片格式
题名:
食物相克与饮食搭配
    
 
作者: 陈长红 主编
分册:  
出版信息: 北京   中医古籍出版社  2007
页数: 19,359页
开本: 22cm
丛书名:
单 册:
中图分类: R155 , R15
科图分类:
主题词: 饮食禁忌--基本知识 , 饮食禁忌
电子资源:
ISBN: 978-7-80174-509-5
000 00810nam0 2200253 450
001 1572647021
005 20150129201151.03
010    @a978-7-80174-509-5@dCNY20.00
100    @a20070404d2007 em y0chiy50 ea
101 0  @achi
102    @aCN@b110000
105    @ay z 000yy
200 1  @a食物相克与饮食搭配@9shi wu xiang ke yu yin shi da pei@f陈长红主编
210    @a北京@c中医古籍出版社@d2007
215    @a19,359页@d22cm
300    @a家庭生活健康宝典
330    @a本书介绍了中医饮食相克与食物搭配基本原理,食物与食物相克,食物与病症相克,四季饮食科学搭配,百病饮食科学搭配、日常饮食禁忌等知识。
606 0  @a饮食禁忌@x基本知识
606 0  @a饮食禁忌
690    @aR155@v5
690    @aR15@v4
701  0 @a陈长红@9chen chang hong@4主编
801  0 @aCN@bTSSF@c20150129
905    @aZUCC@dR15@eJY296
    
    食物相克与饮食搭配/陈长红主编.-北京:中医古籍出版社,2007
    19,359页;22cm
    家庭生活健康宝典
    
    ISBN 978-7-80174-509-5:CNY20.00
    本书介绍了中医饮食相克与食物搭配基本原理,食物与食物相克,食物与病症相克,四季饮食科学搭配,百病饮食科学搭配、日常饮食禁忌等知识。
●
相关链接 在E读中查询图书 在五车中查询图书 在当当中查询图书 在豆瓣中查询图书


正题名:食物相克与饮食搭配     索取号:R15/JY296         预约/预借

序号 登录号 条形码 馆藏地/架位号 状态 备注
1 7862692   278626925   学院路分馆/ [索取号:R15/JY296] 在馆    
2 7862693   278626934   学院路分馆/ [索取号:R15/JY296] 在馆    
唐山师范学院图书馆 欢迎您!
大连网信软件有限公司© 版权所有